Name a Valid Canadian Province or Territory - Statistics

General Stats
  • This quiz has been taken 33 times
  • The average score is 13 of 15
Answer Stats
Name a Canadian province or territory... # Answer % Correct
Whose capital is not its largest city 5 Quebec | New Brunswick | British Columbia | Saskatchewan | Alberta
97%
Where French is an official language 5 Quebec | New Brunswick | Yukon | Northwest Territories | Nunavut
97%
That borders the United States 8 Yukon | British Columbia | Alberta | Saskatchewan | Manitoba | Ontario | Quebec | New Brunswick
97%
That contains territory inside the Arctic Circle 3 Yukon | Northwest Territories | Nunavut
97%
Which borders a Great Lake 1 Ontario
93%
With a 2021 population greater than 5 million 4 Ontario | Quebec | British Columbia
93%
Whose name ends in a vowel 5 Nova Scotia | Ontario | Manitoba | Alberta | British Columbia
90%
That is landlocked 2 Alberta | Saskatchewan
86%
Whose name is three words long 3 Newfoundland and Labrador | Prince Edward Island
86%
Entirely on islands 1 Prince Edward Island
86%
Which has never been colonized by France 4 Northwest Territories | Yukon | Alberta | British Columbia
83%
With a total area smaller than 500,000 square kilometers 4 Nova Scotia | New Brunswick | Prince Edward Island | Newfoundland and Labrador
83%
With part of its territory belonging to Inuit Nunangat (the Inuit homeland) 5 Yukon | Northwest Territories | Nunavut | Quebec | Newfoundland and Labrador
83%
With land that is part of the Mackenzie River watershed 6 Yukon | Northwest Territories | Nunavut | British Columbia | Alberta | Saskatchewan
79%
In Atlantic Canada but not part of the Maritimes 1 Newfoundland and Labrador
62%
No matching quizzes found
Score Distribution
Percent of People with Each Score
Percentile by Number Answered
Your Score History
You have not taken this quiz